| 000 | 00408nam a2200145Ia 4500 | ||
|---|---|---|---|
| 008 | 240624s9999 xx 000 0 und d | ||
| 041 | _aeng | ||
| 082 | _a658.406 FRE | ||
| 100 | _aFRENCH WENDELL L | ||
| 245 | _aORGANIZATION DEVELOPMENT BEHAVIORAL SCIENCE INTERVENTIONS | ||
| 250 | _a(6th ed.) | ||
| 260 |
_c2007 _aNew Delhi _bPrentice-Hall of India |
||
| 300 | _axv, : 343 : p. : cm. ; 23 | ||
| 365 |
_cRS _b36 |
||
| 999 |
_c7467 _d7467 |
||